Руководство высшей геометрии

Bibliographic Details
Language:Russian
Published: Москва, Типо-Литография Т-ва И. Н. Кушнерев и К
Edition:1-е изд.
Format: Book
KOHA link:https://koha.lib.tpu.ru/cgi-bin/koha/opac-detail.pl?biblionumber=289294

MARC

LEADER 00000nam0a2200000 4500
001 289294
005 20231031235508.0
035 |a (RuTPU)RU\TPU\book\313799 
090 |a 289294 
100 |a 20150331d1910 m y0rusy50 ca 
101 1 |a rus 
102 |a RU 
105 |a a j 000zy 
200 1 |a Руководство высшей геометрии 
205 |a 1-е изд. 
210 |a Москва  |c Типо-Литография Т-ва И. Н. Кушнерев и К 
215 |a с.  |c ил. 
300
320 |a Библиогр.: с. 
801 1 |a RU  |b 63413507  |c 20150331 
942 |c BK